000 01379nam a22004337a 4500
003 CHAP
005 20220329133428.0
008 971013s1991 r 00010 d
010 _a6285
011 _a7257
035 _a6480
040 _cCHAP
090 _aTesis
100 0 0 _aHerrera Buendía, Edmundo.
_954832
245 _aFrecuencias de pastoreo en dos praderas asociadas
260 _aChapingo, Méx. :
_bEl autor,
_c1991
300 _a55 h.
500 _a61-177
502 _aTesis (Ing. Agr. Esp. en Zootecnia) -- UACH. Departamento de Zootecnia
590 _aALEPH
_b10
_c20130110
_lUCH01
_h1218
590 _aBATCH-UPD
_b10
_c20130110
_lUCH01
_h0314
590 _aBATCH-UPD
_b10
_c20130110
_lUCH01
_h1539
590 _aBATCH-UPD
_b10
_c20130409
_lUCH01
_h2347
590 _aBATCH-UPD
_b10
_c20130410
_lUCH01
_h1514
590 _aBATCH-UPD
_b10
_c20130914
_lUCH01
_h0637
590 _aCONVERSION
_b10
_c20130109
_lUCH01
_h1305
650 1 4 _aBiomasa.
_912825
650 1 4 _aCultivos asociados.
_930370
650 1 4 _aDactylis glomerata.
_930865
650 1 4 _aPastoreo.
_985984
650 1 4 _aPraderas.
_991230
650 1 4 _aTrébol blanco.
_9115252
650 1 4 _aTrébol.
_9115245
700 0 _aLarios Romero, Rafael.
_964926
901 _aBK
942 _cFOLL
949 _bBC
_cTES
_d-16082
_eTS1
_h25023
_i6480
_si
949 _bBC
_cTES
_d-78022
_eTS2
_fc.2
_h25028
_i6480
_si
999 _c6285
_d6285